Trois Villes, Un Département - Statistiques

Statistiques générales
  • Ce quiz a été pris 63 fois
  • Le résultat moyen est 12 sur 15
Statistiques - réponses
Villes Département % Correct
Porto-Vecchio, Bonifacio, Sartène Corse du Sud
98%
Villeurbanne, Villefranche-sur-Saône, Vénissieux Rhône
95%
Arcachon, Libourne, Blaye Gironde
93%
Sète, Béziers, Agde Hérault
93%
Aix-en-Provence, Istres, Arles Bouches-du-Rhone
91%
Fougères, Saint-Malo, Vitré Ille-et-Vilaine
91%
Les Sables-d'Olonne, Challans, Fontenay-le-Comte Vendée
91%
Saint-Tropez, Fréjus, Hyères Var
86%
Sarcelles, Garges-lès-Gonesse, Argenteuil Val d'Oise
84%
Saint Pierre, Saint Paul, Saint-Benoît La Réunion
82%
Thionville, Forbach, Woippy Moselle
75%
Abbeville, Péronne, Albert Somme
75%
Montluçon, Vichy, Avermes Allier
74%
Montargis, Pithiviers, Saran Loiret
68%
Craon, Évron, Gorron Mayenne
26%
Aucun quiz correspondant
Distribution des résultats
% des personnes avec chaque résultat
Percentile par nombre de réponses
Votre historique - résultats
Vous n’avez pas pris ce quiz